| 000 | 01808cam a22005294a 4500 | ||
|---|---|---|---|
| 001 | 12465050 | ||
| 003 | OSt | ||
| 005 | 20260622084126.0 | ||
| 008 | 010710s2003 maua 001 0 eng c | ||
| 010 | _a 2001044179 | ||
| 020 |
_a0072351136 _qalk. paper |
||
| 020 |
_a0071150900 _qISE |
||
| 020 |
_a9780072351132 _q(alk. paper) |
||
| 020 |
_a9780071150903 _q(ISE) |
||
| 035 | _a12465050 | ||
| 035 | _a(DNLM)101122459 | ||
| 040 |
_aDNLM/DLC _cDLC _dDLC |
||
| 042 | _apcc | ||
| 050 | 0 | 0 |
_aQP34.5 _b.S4 2003 |
| 060 | 1 | 0 |
_aQT 104 _bS452a 2003 |
| 082 | 0 | 0 |
_a612 _221 |
| 100 | 1 | _aSeeley, Rod R. | |
| 245 | 1 | 0 |
_aAnatomy & physiology / _cRod R. Seeley, Trent D. Stephens, Philip Tate. |
| 246 | 3 | _aAnatomy and physiology | |
| 250 | _a6th ed. | ||
| 260 |
_aBoston : _bMcGraw-Hill, _cc2003. |
||
| 300 |
_a1 v. (in various pagings) : _bcol. ill. ; _c29 cm. |
||
| 336 |
_atext _btxt _2rdacontent |
||
| 337 |
_aunmediated _bn _2rdamedia |
||
| 338 |
_avolume _bnc _2rdacarrier |
||
| 500 | _aRev. ed. of: Anatomy & physiology. 5th ed. c2000. | ||
| 500 | _aIncludes index. | ||
| 650 | 0 | _aHuman physiology. | |
| 650 | 0 | _aHuman anatomy. | |
| 650 | 1 | 2 | _aPhysiology. |
| 650 | 2 | 2 | _aAnatomy. |
| 700 | 1 | _aStephens, Trent D. | |
| 700 | 1 | _aTate, Philip. | |
| 700 | 1 |
_aSeeley, Rod R. _tAnatomy & physiology. |
|
| 856 | 4 | 2 |
_3Publisher description _uhttp://www.loc.gov/catdir/description/mh021/2001044179.html |
| 856 | 4 | 1 |
_3Table of contents _uhttp://www.loc.gov/catdir/toc/mh021/2001044179.html |
| 906 |
_a7 _bcbc _corignew _d1 _eocip _f20 _gy-gencatlg |
||
| 942 |
_2lcc _cBK |
||
| 999 |
_c266392 _d266391 |
||